VALORANT Melees - Statistics

General Stats
  • This quiz has been taken 23 times
    14 since last reset
  • The average score is 16 of 73
Answer Stats
Price in VP Melee % Correct
4,350 Reaver Karambit
75%
3,550 Prime Karambit
58%
3,550 Reaver Knife
58%
5,350 Onimaru Kunitsuna
50%
4,350 RGX 11z Pro Firefly
50%
4,350 RGX 11z Pro Karambit
50%
3,550 Prime Axe
42%
3,550 Recon Balisong
42%
4,350 RGX 11z Pro Blade
42%
4,350 Blades of Primordia
33%
5,350 Champions 2021 Karambit
33%
5,350 Champions 2022 Butterfly Knife
33%
3,550 Gaia's Fury
33%
4,350 Glitchpop Dagger
33%
5,350 Kuronami no Yaiba
33%
3,550 Oni Claw
33%
4,350 Singularity Butterfly Knife
33%
3,550 Xenohunter Knife
33%
4,350 XERØFANG Knife
33%
4,350 Araxys Bio Harvester
25%
4,350 Blade of Chaos
25%
4,350 BlastX Polymer KnifeTech Coated Knife
25%
3,550 Celestial Fan
25%
4,950 Elderflame Dagger
25%
3,550 Gaia's Wrath
25%
4,350 Overdrive Blade
25%
5,950 Power Fist
25%
4,350 Singularity Knife
25%
5,440 (Bundle Only) VCT LOCK IN Misericórdia
25%
3,550 Black.Market Butterfly Knife
17%
4,350 Blades of Imperium
17%
5,350 Champions 2023 Kunai
17%
5,350 Champions 2024 Blade
17%
3,550 Crimsonbeast Hammer
17%
4,950 Evori's Spellcaster
17%
3,550 Forsaken Ritual Blade
17%
4,350 Glitchpop Axe
17%
3,550 Gravitational Uranium Neuroblaster Baton
17%
4,710 (Bundle Only) Ignite Fan
17%
4,350 Ion Karambit
17%
3,550 Luna's Descent
17%
4,350 Magepunk Sparkswitch
17%
4,350 Mystbloom Kunai
17%
4,350 Neo Frontier Axe
17%
3,550 Neptune Anchor
17%
5,350 Nocturnum Scythe
17%
3,550 Origin Crescent Blade
17%
3,550 Radiant Crisis 001 Baseball Bat
17%
4,350 Relic of the Sentinel
17%
4,350 Relic Stone Daggers
17%
4,350 Ruyi Staff
17%
3,550 Sovereign Sword
17%
4,350 Terminus A Quo
17%
3,550 VALORANT GO! Vol. 1 Knife
17%
5,350 Waveform
17%
4,350 Arcane Gauntlets
8%
3,550 Blade of Aemondir
8%
4,350 Blade of the Ruined King
8%
3,550 Cryostasis Impact Drill
8%
4,350 Doombringer Battleaxe
8%
3,550 Ego Knife
8%
4,350 Eternal Sovereign
8%
3,550 Hack & Slash
8%
3,550 Ion Energy Sword
8%
3,550 Magepunk Electroblade
8%
3,550 Magepunk Shock Gauntlet
8%
3,550 Nebula Knife
8%
4,950 Personal Administrative Melee Unit
8%
3,550 Prosperity & Demise
8%
3,550 Soulstrife Scythe
8%
3,550 Spline Dagger
8%
3,550 Wonderstallion Hammer
8%
3,550 Yoru's Stylish Butterfly Comb
8%
No matching quizzes found
Score Distribution
Percent of People with Each Score
Percentile by Number Answered
Your Score History
You have not taken this quiz since the last reset